One Piece: Islands Quiz - Statistics

General Stats
  • This quiz has been taken 56 times
  • The average score is 7 of 10
Answer Stats
Picture Answer % Correct
Water 7
98%
Wano Country
91%
Enies Lobby
87%
Punk Hazard
87%
Egghead
77%
Loguetown
74%
Zou
66%
God Valley
60%
Weatheria
55%
Ohara
51%
No matching quizzes found
Score Distribution
Percent of People with Each Score
Percentile by Number Answered
Your Score History
You have not taken this quiz